书目信息 |
| 题名: |
苦乐年华
|
|
| 作者: | 林喆 , 牛苏放 主编 | |
| 分册: | ||
| 出版信息: | 赤峰 内蒙古科学技术出版社 2012 |
|
| 页数: | 186页 | |
| 开本: | 22cm | |
| 丛书名: | 红色浸染 | |
| 单 册: | ||
| 中图分类: | J652.21 , J652.2 | |
| 科图分类: | ||
| 主题词: | 民歌--世界--现代--作品集 | |
| 电子资源: | ||
| ISBN: | 978-7-5380-2119-6 | |
| 000 | 01108nam 2200277 450 | |
| 001 | 2372668167 | |
| 005 | 20231216144351.67 | |
| 010 | @a978-7-5380-2119-6@dCNY35.00 | |
| 100 | @a20170907d2012 em y0chiy50 ea | |
| 101 | 0 | @achi |
| 102 | @aCN@b150000 | |
| 105 | @ag z 000yy | |
| 200 | 1 | @a苦乐年华@Aku le nian hua@f主编林喆, 牛苏放 |
| 210 | @a赤峰@c内蒙古科学技术出版社@d2012 | |
| 215 | @a186页@c乐谱@d22cm | |
| 225 | 0 | @a红色浸染@Ahong se jin ran@e革命歌曲大家唱 |
| 314 | @a林喆, 曾工作于中国话剧院, 在中央电视台担任演员、编导、策划等职务, 旅行摄影师、原创词曲作家、中国舞蹈家协会会员、环保人士。 | |
| 330 | @a老百姓在平凡枯燥的生活中创造了很多具有鲜明时代特色的歌曲。这些歌曲或排遣辛苦劳累的生产工作, 或讽刺剥削阶级残酷压榨统治, 或歌颂劳动、抒发感情。这本《苦乐年华》广泛收录了全世界范围内传唱率较高的其中一些作品。 | |
| 410 | 0 | @12001 @a红色浸染 (革命歌曲大家唱) |
| 606 | 0 | @a民歌@y世界@z现代@j作品集 |
| 690 | @aJ652.21@v5 | |
| 690 | @aJ652.2@v4 | |
| 701 | 0 | @a林喆@Alin zhe@4主编 |
| 701 | 0 | @a牛苏放@Aniu su fang@4主编 |
| 801 | 0 | @aCN@b湖北三新@c20170907 |
| 905 | @aBZT@dJ652.2@e129 | |
| 苦乐年华/主编林喆, 牛苏放.-赤峰:内蒙古科学技术出版社,2012 |
| 186页:乐谱;22cm.-(红色浸染:革命歌曲大家唱) |
| ISBN 978-7-5380-2119-6:CNY35.00 |
| 老百姓在平凡枯燥的生活中创造了很多具有鲜明时代特色的歌曲。这些歌曲或排遣辛苦劳累的生产工作, 或讽刺剥削阶级残酷压榨统治, 或歌颂劳动、抒发感情。这本《苦乐年华》广泛收录了全世界范围内传唱率较高的其中一些作品。 |
| ● |
| 相关链接 |
|
|
|
正题名:苦乐年华
索取号:J652.2/129
 
预约/预借
| 序号 | 登录号 | 条形码 | 馆藏地/架位号 | 状态 | 备注 |
| 1 | 2001408466 | 2001408466 | 202书库/202房间2架4层2列/ [索取号:J652.2/129] | 在馆 | |
| 2 | 2001408467 | 2001408467 | 202书库/202房间2架4层2列/ [索取号:J652.2/129] | 在馆 | |
| 3 | 2001408468 | 2001408468 | 202书库/202房间2架4层2列/ [索取号:J652.2/129] | 在馆 | |
| 4 | 2001408469 | 2001408469 | 202书库/202房间2架4层2列/ [索取号:J652.2/129] | 在馆 | |
| 5 | 2001408470 | 2001408470 | 617书库/ [索取号:J652.2/129] | 在馆 | |
| 6 | 2001408471 | 2001408471 | 617书库/ [索取号:J652.2/129] | 在馆 | |
| 7 | 2001408472 | 2001408472 | 617书库/ [索取号:J652.2/129] | 在馆 | |
| 8 | 2001408473 | 2001408473 | 617书库/ [索取号:J652.2/129] | 在馆 | |
| 9 | 2001408474 | 2001408474 | 617书库/ [索取号:J652.2/129] | 在馆 | |
| 10 | 2001408475 | 2001408475 | 617书库/ [索取号:J652.2/129] | 在馆 | |
| 11 | 2001408476 | 2001408476 | 617书库/ [索取号:J652.2/129] | 在馆 | |
| 12 | 2001408477 | 2001408477 | 617书库/ [索取号:J652.2/129] | 在馆 | |
| 13 | 2001408478 | 2001408478 | 617书库/ [索取号:J652.2/129] | 在馆 | |
| 14 | 2001408479 | 2001408479 | 617书库/ [索取号:J652.2/129] | 在馆 | |
| 15 | 2001408480 | 2001408480 | 617书库/ [索取号:J652.2/129] | 在馆 | |
| 16 | 2001408481 | 2001408481 | 617书库/ [索取号:J652.2/129] | 在馆 | |
| 17 | 2001408482 | 2001408482 | 617书库/ [索取号:J652.2/129] | 在馆 | |
| 18 | 2001408483 | 2001408483 | 202书库/202房间2架4层2列/ [索取号:J652.2/129] | 在馆 | |
| 19 | 2001408484 | 2001408484 | 202书库/202房间2架4层2列/ [索取号:J652.2/129] | 在馆 | |
| 20 | 2001408485 | 2001408485 | 617书库/ [索取号:J652.2/129] | 在馆 | |
| 21 | 2001408486 | 2001408486 | 617书库/ [索取号:J652.2/129] | 在馆 | |
| 22 | 2001408487 | 2001408487 | 617书库/ [索取号:J652.2/129] | 在馆 | |
| 23 | 2001408488 | 2001408488 | 617书库/ [索取号:J652.2/129] | 在馆 | |
| 24 | 2001408489 | 2001408489 | 617书库/ [索取号:J652.2/129] | 在馆 | |
| 25 | 2001408490 | 2001408490 | 617书库/ [索取号:J652.2/129] | 在馆 | |
| 26 | 2001408491 | 2001408491 | 617书库/ [索取号:J652.2/129] | 在馆 | |
| 27 | 2001408492 | 2001408492 | 617书库/ [索取号:J652.2/129] | 在馆 | |
| 28 | 2001408493 | 2001408493 | 617书库/ [索取号:J652.2/129] | 在馆 | |
| 29 | 2001408494 | 2001408494 | 617书库/ [索取号:J652.2/129] | 在馆 | |
| 30 | 2001408495 | 2001408495 | 617书库/ [索取号:J652.2/129] | 在馆 |